Studies in language origins
Αποθηκεύτηκε σε:
| Άλλοι συγγραφείς: | |
|---|---|
| Μορφή: | Βιβλίο |
| Γλώσσα: | English |
| Δημοσίευση: |
Amsterdam :
John Benjamins,
1994
|
| Θέματα: | |
| Ετικέτες: |
Προσθήκη ετικέτας
Δεν υπάρχουν, Καταχωρήστε ετικέτα πρώτοι!
|
MARC
| LEADER | 00000nam a2200000 i 4500 | ||
|---|---|---|---|
| 001 | 1/4496 | ||
| 008 | 960627s1994 eng d | ||
| 020 | |a 90-272-3955X | ||
| 035 | |l 10015639 | ||
| 040 | |a GR-MY-UA |b gre |e aacr | ||
| 041 | 0 | |a eng | |
| 082 | 0 | |a 401 | |
| 245 | 1 | 0 | |a Studies in language origins / |c Edited by Jan Wind...[et al]. |
| 260 | |a Amsterdam : |b John Benjamins, |c 1994 | ||
| 300 | |a 344 p. | ||
| 504 | |a Includes bibliographical references and index | ||
| 650 | 0 | 0 | |a Language and languages. |
| 700 | 1 | |a Wind, Jan. |4 edt | |
| 852 | |a INST |b LESVOS |e 19960627 |h 401 STU |p 005100009770 |q 005100009770 |t BK |y 0 |z v.3 | ||
| 852 | |a INST |b LESVOS |e 19960627 |h 401 STU |p 005100009770 |q 005100009770 |t BK |v v.3: |y 0 |z v.3 | ||
| 853 | |a INST |b LESVOS |h 401 STU | ||
| 909 | |a Λ |b 044755 | ||
| 950 | |a 140/1995-10-24 | ||